000 01229nam a2200349 i 4500
001 000025688
003 DO-SdBNP
005 20251124120228.0
007 ta
008 110221t2007 dr a r 001 p spa d
020 _a9789945160826
040 _aDO-SdBNP
_bspa
_cBNPHU
_erda
041 _aspa
082 4 _aRD861.44
_bJ61a 2007
_222
100 1 _aJiménez Alcántara, Miguel Antonio,
_d1955-
_eautor
_4aut.
_952459
245 1 0 _aAmante del amor /
_cMiguel Antonio Jiménez.
250 _aSegunda edición
264 1 _aSanto Domingo, República Dominicana :
_bUniversidad Autónoma de Santo Domingo,
_c2007.
300 _a341 páginas :
_bilustraciones ;
_c22 cm.
336 _atexto
_btxt
_2rdacontent
337 _asin mediación
_bn
_2rdamedia
338 _avolumen
_bnc
_2rdacarrier
490 1 _aColección Taller Literario César Vallejo
490 1 _aHorizonte 1
_v1
500 _aIncluye datos biográficos del autor en la solapa de la cubierta.
590 _aInventariado, 2018/BT
650 4 _aPoesía dominicana
_966
650 4 _aLiteratura dominicana.
_967
830 0 _aColección Taller Literario César Vallejo
_pHorizonte 1
_952460
910 _aValidado. Control de calidad. EMS
942 _2ddc
_cLBS1
999 _c25180
_d25180